Purpur na trojvrší (Kardináli v dejinách Slovenska)

Študoval v Ostrihome, Trnave a Viedni. Pôsobil ako kaplán v Komárne. Ďalej pôsobí v Chorvátsku. R.1856 sa stal prvým chorvátskym kardinálom

Bibliographic Details
Format: Article
Language:Slovak
Subjects:

MARC

LEADER 00000nab a2200000 a 4500
001 vtls001437934
003 SK-MaSNL
005 20260303080630.0
008 020624sm y0sloyxo 0 slo
015 |a BIOBB2002/01-00239 
035 |a SNK000393064 
040 |a SNK  |b slo  |c SNK  |e AACR2 
041 0 |a slo 
044 |a xo  |c SK 
245 0 0 |a Purpur na trojvrší (Kardináli v dejinách Slovenska)  |c Viliam Judák 
520 |a Študoval v Ostrihome, Trnave a Viedni. Pôsobil ako kaplán v Komárne. Ďalej pôsobí v Chorvátsku. R.1856 sa stal prvým chorvátskym kardinálom 
600 1 7 |a Haulik, Juraj,  |d 1788-1869  |2 SNKMA  |9 56554 
655 7 |a biografické heslá  |2 SNK  |9 368942 
655 7 |a články zo zborníkov  |2 SNK  |9 166140 
774 0 |w SK01SNK20020386540  |z ISBN 80-7114-325-1  |t Kardinál Jozef Tomko 75-ročný  |d Bratislava : LÚČ, 2000  |g S.27 
850 |a Slovenská národná knižnica v Martine 
971 |e 17880000  |f 18690000  |g Trnava (Slovensko) 
999 |c 1781313  |d 1783243